História rural da Madeira (Registo nº 628)
[ vista simples ]
| 000 -Etiqueta do registo | |
|---|---|
| Cabeçalho | 00815cam a2200289 4500 |
| 005 - Identificador da versão | |
| Campo de controlo | 20240822153410.0 |
| 010 ## - Número internacional normalizado dos livros (ISBN) | |
| Número (ISBN) | 9726480663 |
| 021 ## - Número do Depósito Legal | |
| Código do país | PT |
| Número | 78628/94 |
| 035 ## - Other System Control Numbers | |
| System Control Number | 0000656 |
| System Control Number | 0000652 |
| System Control Number | 0000652 |
| System Control Number | 0000640 |
| 100 ## - Dados gerais de processamento | |
| Dados gerais de processamento | 19950704d1994 k b0pory5003 ba |
| 101 0# - Língua de publicação | |
| Língua do texto, banda sonora, etc. | Português |
| 102 ## - Pais de publicação ou produção | |
| País de publicação | Portugal |
| 105 ## - Campo de dados codificados: livros | |
| Dados codificados dos livros | y z 001yy |
| 106 ## - Campo de dados codificados: material textual | |
| Dados codificados do material textual | r |
| 200 1# - Titulo e menção de responsabilidade | |
| Título próprio | História rural da Madeira |
| Informação de outro título | a colonia |
| Primeira menção de responsabilidade | João José Abreu de Sousa |
| 210 ## - Publicação, Distribuição, etc. | |
| Lugar da edição, distribuição, etc. | Funchal |
| Nome do editor, distribuidor, etc. | Direcção Regional dos Assuntos Culturais |
| Data da publicação, distribuição, etc. | 1994 |
| 215 ## - Descrição física | |
| Indicação específica da natureza do documento e extensão da espécie | 375 p. |
| Dimensões | 24 cm |
| 606 ## - Nome comum usado como assunto | |
| Número de registo de entrada de autoridade | 0000781 |
| Palavra de ordem | Contrato de colonia |
| Subdivisão geográfica | Madeira (Portugal) |
| Subdivisão cronológica | Até 1850 |
| 675 ## - Classificação Decimal Universal (CDU) | |
| Notação | 338.43(469.8)".../1850" |
| Edição | BN |
| Língua da edição | por |
| Notação | 631.1(469.8)".../1850" |
| Edição | BN |
| Língua da edição | por |
| 700 #1 - Nome de autor-pessoa física (responsabilidade principal) | |
| Número de registo de entrada de autoridade | 0000784 |
| Palavra de ordem | Sousa |
| Outra parte do nome não tomada para palavra de ordem | João José Abreu de |
| 942 ## - Elementos de entrada adicionados (Koha) | |
| Tipo de item no Koha | Livro |
| Situação do levantamento | Origin of item (home branch) (coded) | Biblioteca de empréstimo | Código de barras | Circulation type (not for loan) | Tipo de documento | Nota do exemplar | Damaged status |
|---|---|---|---|---|---|---|---|
| Biblioteca Escolar Eng. Nuno Mergulhão | Biblioteca Escolar Eng. Nuno Mergulhão | BENM376 | Livro | Sem mensagem |
